Random Sports Knowledge 100%-1% - Statistics

General Stats
  • This quiz has been taken 76 times
  • The average score is 42 of 100
Answer Stats
Hint Level Answer % Correct
All-Time NBA scoring leader 100 Lebron James
100%
Black Mamba 95 Kobe Bryant
89%
Famous golfer who wears red on Sunday 92 Tiger Woods
87%
NFL player with most Super Bowls 94 Tom Brady
87%
Tallest NBA player ever 67 Manute Bol/Gheorghe Muresan
85%
Considered Greatest Boxer ever 85 Muhammad Ali
85%
NBA player with most 3-pointers 79 Stephen Curry
85%
Team with most NBA Championships 86 Celtics/Lakers
81%
#42 baseball player who broke color barrier 98 Jackie Robinson
81%
100 Meter Dash record holder 93 Usain Bolt
81%
Great Bambino 99 Babe Ruth
80%
Most swimming gold medals 65 Michael Phelps
76%
Considered Greatest NHL player ever 88 Wayne Gretzky
76%
NBA player known for Sky Hook 90 Kareem Abdul-Jabbar
74%
Team with most Super Bowls 83 Steelers/Patriots
74%
Which tennis woman has the most Grand Slam single titles in open era 71 Serena Williams
72%
Player with 100 point NBA game 87 Wilt Chamberlain
72%
Famous Swiss tennis player 91 Roger Federer
70%
Diesel 43 Shaquille O'Neal
70%
Team with most World Series 80 Yankees
69%
All-Time NFL Receiving Leader 97 Jerry Rice
67%
Country with 4-400 Meter relay record 23 United States
67%
Cleveland Guardians previous name 84 Indians
65%
Shortest NBA player ever 66 Muggsy Bogues
65%
All-Time Home Run leader 96 Barry Bonds
63%
Mr. Irrelevant led his team to a Super Bowl in season 2 73 Brock Purdy
63%
Red River Rivalry Teams 31 Oklahoma/Texas
61%
Christiano Ronaldo national team 47 Portugal
61%
Soccer team with most World Cups 48 Brazil
59%
Former NFL player who coaches Colorado 89 Deion Sanders
57%
Famous NFL player known for on hand catch 82 Odell Beckham Jr.
57%
Patrick Mahomes College 69 Texas Tech
57%
Backup led Eagles to Super Bowl 68 Nick Foles
56%
College Chapel Hill 60 North Carolina
56%
NFL single season passing leader 41 Peyton Manning
56%
Tennis player holds record for most French Open titles 37 Rafael Nadal
54%
NFL player with longest Field Goal 57 Justin Tucker
50%
Player with NFL single season receiving record 62 Calvin Johnson
48%
Item Houston Astros banged on to cheat 70 Garbage Can
48%
Famous for Dream Shake 78 Hakeem Olajuwon
48%
Tennis player holds record for number of weeks ranked #1 53 Novak Djokovic
48%
Mr. October 36 Reggie Jackson
48%
NBA All-Time triple-double leader 40 Russell Westbrook
48%
Shortest NBA MVP ever 72 Allen Iverson
46%
Arguably the second most popular sport worldwide 35 Cricket
46%
NBA player with most points in a quarter 39 Klay Thompson
46%
MLB player with biggest contract in history 54 Shohei Ohtani
46%
Caught Minneapolis Miracle 74 Stefon Diggs
46%
City with most Olympics held (Not in Greece) 14 London/Paris
44%
Country with most Olympic winter medals 34 Norway
44%
Team with most NCAA Basketball titles 64 UCLA
44%
Lionel Messi team after Argentina 75 Inter Miami
43%
NFL player with biggest contract in history 49 Patrick Mahomes
41%
NFL player with most made Field Goals 58 Adam Vinatieri
37%
NCAA All-Time scoring leader 76 Caitlin Clark
37%
NBA All-Time steals leader 42 John Stockton
37%
MLB Pitcher All-Time Strikeout leader 46 Nolan Ryan
37%
NBA team who won both championships between the Bulls 3-peats 63 Rockets
37%
First Olympics in South America held in this city 11 Rio
35%
Challenged Curry to a 3-point contest 77 Sabrina Ionescu
35%
PGA golfer with most Major titles 55 Jack Nicklaus
33%
MLB Pitcher All-Time Saves leader 44 Mariano Rivera
33%
NCAA Men's basketball scoring leader 61 Pete Maravich
31%
NHL team with most Stanley Cups 25 Canadiens
30%
Patrick Ewing college 38 Georgetown
28%
Kevin Durant starred in this movie 52 Thunderstruck
28%
NFL team with most Hall of Famers in history 33 Bears
26%
NBA player with most dunks in history 22 Dwight Howard
26%
NBA player with most 3-point misses in a game 16 James Harden/Damon Stoudemire
26%
MLB Hitting Streak leader 32 Joe DiMaggio
26%
Olympic Rings represent these 9 Continents
24%
NBA player with biggest contract in history 45 Jaylen Brown
24%
Big Ticket 24 Kevin Garnett
22%
Greatest Race Horse of all-time 19 Secretariat
22%
Only player to win 2 Heisman Trophies 59 Archie Griffin
20%
Team with most NCAA Football titles 30 Yale
20%
Player with NFL record for most Touchdowns in a season 56 LaDainian Tomlinson
19%
Drafted ahead of Michael Jordan other than Hakeem Olajuwon 50 Sam Bowie
19%
Led the United States women to World Cup 81 Alex Morgan
17%
First African-American to win Men's singles Wimbledon 8 Arthur Ashe
17%
City that holds headquarters for International Olympic Committee 1 Lausanne, Switzerland
17%
MLB player with most Grand Slams 26 Alex Rodriguez
15%
MLB team who had players banned for life 18 Black Sox
15%
Most sacked QB in a season 51 David Carr
15%
Team with most College World Series titles 27 USC
15%
MLB player with most Inside the Park Home Runs (Live ball) 4 Willie Wilson
13%
Michael Jordan missed most of his second season in the NBA with this injury 29 Broken Foot
9%
Greatest Negro League Hitter ever 20 Josh Gibson
9%
Driver with most Naascar wins 21 Richard Petty
9%
Country that invented curling 17 Scotland
9%
Golfer with most FedEx Cups 13 Rory McIlroy
7%
Boxer with most knockouts in history 15 Billy Bird
4%
NFL player with most Touchdowns as a rookie 28 Gale Sayers
2%
MLB player with record for fewest days to hit 4 Grand Slams 12 Royce Lewis
2%
NCAA 3-point leader 3 Antoine Davis
0%
Tennis player with most consecutive Grand Slam titles 7 Don Budge
0%
Golfer with most British Open titles 10 Harry Vardon
0%
MLB with most Home Runs in a game 2 Jay Clarke
0%
Golfer with most Hole-in-Ones in PGA history 5 Mancil Davis
0%
Boxer with fastest knockout in history 6 Phil Williams
0%
No matching quizzes found
Score Distribution
Percent of People with Each Score
Percentile by Number Answered
Your Score History
You have not taken this quiz